000 00884nas a2200289 4500
001 BR9703928
003 BR-BrBNA
005 20231205100401.0
007 ta
008 230509b bl.|||p| |||| 00| 00por d
040 _aBR-BrBNA
_bpor
_cBiblioteca Nacional de Agricultura
041 _a(Pt)
072 _aF01; F30
100 1 _aVicentini, S.
100 1 _aRodrigues, M.G.V.
100 1 _aSilva, C.R. de R. e
245 1 _aComportamento da bananeira cv. Grande Naine no sul do Estado de Minas Gerais
650 _aBanana Prata
650 _aPratica Cultural
650 _aComportamento de Variedade
650 _aProducao Vegetal
650 _aTemperatura
650 _aMinas Gerais
773 0 _tRevista Brasileira de Fruticultura (Brazil)
_xISSN 0100-2945
_g(1996), v. 18(1) p. 15-21
_wBR9703928
909 _a202311
_bLúcia
_c55
_dLúcia Elande
942 _2AGRIS
_n0
_cANA
999 _c155704
_d155704